LEADER 01018nam a2200277 i 4500 001 991001800039707536 005 20020507151850.0 008 000529s1981 it ||| | ita 035 $ab11565792-39ule_inst 035 $aLE02725400$9ExL 040 $aDip.to Studi Giuridici$bita 082 0 $a346.45082 084 $aPR-XII/B 100 1 $aMolle, Giacomo$0109353 245 12$aI contratti bancari /$cGiacomo Molle 250 $a4. ed. aggiornata alle norme bancarie uniformi e alla dottrina e giurisprudenza piu recenti 260 $aMilano :$bA. Giuffrè,$c1981 300 $axx, 1015 p. ;$c25 cm. 490 0 $aTrattato di diritto civile e commerciale ;$v35 650 4$aContratti bancari$zItalia 907 $a.b11565792$b01-03-17$c02-07-02 912 $a991001800039707536 945 $aLE027 PR XII B 13$g1$i2027000201860$lle027$o-$pE0.00$q-$rn$sm $t0$u2$v0$w2$x0$y.i11769142$z02-07-02 996 $aContratti bancari$9430229 997 $aUNISALENTO 998 $ale027$b01-01-00$cm$da $e-$fita$git $h2$i1 LEADER 01356oam 2200445zu 450 001 9910139199803321 005 20241212215855.0 010 $a9781612848525 010 $a1612848524 035 $a(CKB)2560000000059161 035 $a(SSID)ssj0000527873 035 $a(PQKBManifestationID)12234098 035 $a(PQKBTitleCode)TC0000527873 035 $a(PQKBWorkID)10545132 035 $a(PQKB)10350272 035 $a(NjHacI)992560000000059161 035 $a(EXLCZ)992560000000059161 100 $a20160829d2011 uy 101 0 $aeng 135 $aur||||||||||| 181 $ctxt 182 $cc 183 $acr 200 10$a2011 IEEE 1st International Conference on Computational Advances in Bio and Medical Sciences 210 31$a[Place of publication not identified]$cIEEE$d2011 215 $a1 online resource $cillustrations 300 $aBibliographic Level Mode of Issuance: Monograph 311 08$a9781612848518 311 08$a1612848516 606 $aBioinformatics$vCongresses 606 $aBig data$vCongresses 615 0$aBioinformatics 615 0$aBig data 676 $a572.80285 702 $aieee 801 0$bPQKB 906 $aPROCEEDING 912 $a9910139199803321 996 $a2011 IEEE 1st International Conference on Computational Advances in Bio and Medical Sciences$92422817 997 $aUNINA